|
|
|
|
| LEADER |
01213nam a2200313 a 4500 |
| 001 |
45401 |
| 003 |
BD-DhAAL |
| 005 |
20260308132932.0 |
| 008 |
260308t1994 enk 000 1 eng |
| 010 |
|
|
|a 95234017
|
| 020 |
|
|
|a 0099533014
|
| 020 |
|
|
|a 97800995533016
|
| 020 |
|
|
|a 0224041347
|
| 020 |
|
|
|a 9780224041348
|
| 035 |
|
|
|a 3047540
|
| 040 |
|
|
|a DLC
|c DLC
|d DLC
|d BD-DhAAL
|
| 050 |
0 |
0 |
|a PR6068.U757
|b E27 1994b
|
| 082 |
0 |
0 |
|a 823.914
|2 20
|
| 100 |
1 |
|
|a Rushdie, Salman.
|
| 245 |
1 |
0 |
|a East, west /
|c Salman Rushdie.
|
| 260 |
|
|
|a London :
|b J. Cape,
|c 1994.
|
| 300 |
|
|
|a 216 pages ;
|c 20 cm.
|
| 541 |
|
|
|a Donated by Farhana Zahir (Assistant Professor, BBS, BRAC University)
|e 45401
|
| 650 |
|
0 |
|a East and West
|x Fiction.
|9 60366
|
| 650 |
|
0 |
|a East and West.
|
| 655 |
|
7 |
|a Short stories.
|
| 942 |
|
|
|2 ddc
|c BK
|
| 999 |
|
|
|c 47754
|d 47754
|
| 952 |
|
|
|0 0
|1 0
|2 ddc
|4 0
|6 823_914000000000000_RUS
|7 0
|9 78868
|a BRACUL
|b BRACUL
|c NEW
|d 2026-03-08
|e Donated by Farhana Zahir, Assistant Professor, BRAC Business School, BRAC University
|l 3
|o 823.914 RUS
|p 3010045401
|q 2026-06-02
|r 2026-05-19
|s 2026-05-19
|t 1
|w 2026-03-08
|y BK
|x Donated by Farhana Zahir, Assistant Professor, BRAC Business School, BRAC University on 17 February 2026; £7.50
|